000 00559nam a2200193Ia 4500
005 20250508152244.0
008 008 250505s9999 xx 000 0 eng d
037 _aTextual
040 _aFEDL
_beng
_cFEDL
041 _aeng
_2eng
084 _a370.15, RYB
_qFEDL
100 _aRyburn W. M.
_991386
245 0 _aIntroducation to educational psychology
260 _aLondon, UK
_bOxford University Press
_c1959
300 _a296p.
650 _aEducation - Psychology
_9755527
942 _cTEXL
_h370.15, RYB
999 _c1335325
_d1335325